000 00294nam a2200121Ia 4500
008 220204s9999 xx 000 0 und d
082 _a635
_bWAR
100 _aWARRING, Ron
245 0 _aGarden pools and fishponds
260 _aLondon
_bStanley Paul
_c1971
650 _aFish ponds
942 _cBK
999 _c35917
_d35917